CAA2015 : keep the revolution going : proceedings of the 43rd Annual Conference on Computer Applications and Quantitative Methods in Archaeology. Volumes 1 and 2 /

This volume brings together all the successful peer-reviewed papers submitted for the proceedings of the 43rd conference on Computer Applications and Quantitative Methods in Archaeology that took place in Siena (Italy) from March 31st to April 2nd 2015.

محفوظ في:

مؤلفون مشاركون: Conference on Computer Applications and Quantitative Methods in Archaeology Siena, Italy), Computer Applications and Quantitative Methods in Archaeology (Organization)

مؤلفون آخرون: Campana, Stefano (المحرر)

التنسيق: وقائع المؤتمر كتاب الكتروني

اللغة: English

منشور في: Oxford : Archaeopress Publishing Ltd, [2016]

سلاسل: Archaeopress archaeology.

الموضوعات:

الوصول للمادة أونلاين: Login to view Source

الوسوم: إضافة وسم

لا توجد وسوم, كن أول من يضع وسما على هذه التسجيلة!

رقم الطلب: CC80.4

LEADER 02420nam a2200481 i 4500
001 EDZ0001584466
003 StDuBDS
005 20230412181736.0
006 m|||||o||d||||||||
007 cr |||||||||||
008 161107t20162016enkab fob 100|0|eng|d
020 |a 9781784913380 (ebook) :  |c No price 
040 |a StDuBDS  |b eng  |c StDuBDS  |e rda  |e pn 
050 4 |a CC80.4 
082 0 4 |a 930.10285  |2 23 
111 2 |a Conference on Computer Applications and Quantitative Methods in Archaeology  |n (43rd :  |d 2015 :  |c Siena, Italy),  |j creator. 
245 1 0 |a CAA2015 :  |b keep the revolution going : proceedings of the 43rd Annual Conference on Computer Applications and Quantitative Methods in Archaeology.  |n Volumes 1 and 2 /  |c edited by Stefano Campana, Roberto Scopigno, Gabriella Carpentiero and Marianna Cirillo. 
264 1 |a Oxford :  |b Archaeopress Publishing Ltd,  |c [2016] 
264 4 |c ©2016 
300 |a 1 online resource :  |b illustrations (black and white, and colour), maps (black and white). 
336 |a text  |2 rdacontent 
336 |a still image  |2 rdacontent 
336 |a cartographic image  |2 rdacontent 
337 |a computer  |2 rdamedia 
338 |a online resource  |2 rdacarrier 
490 1 |a Archaeopress archaeology 
500 |a Selected conference papers. 
500 |a Previously issued in print: 2016. 
504 |a Includes bibliographical references. 
520 8 |a This volume brings together all the successful peer-reviewed papers submitted for the proceedings of the 43rd conference on Computer Applications and Quantitative Methods in Archaeology that took place in Siena (Italy) from March 31st to April 2nd 2015. 
521 |a Specialized. 
588 |a Description based on online resource; title from home page (viewed on November 8, 2016). 
650 0 |a Archaeology  |x Data processing  |v Congresses. 
650 0 |a Archaeology  |x Computer simulation  |v Congresses. 
650 0 |a Archaeology  |x Methodology  |v Congresses. 
700 1 |a Campana, Stefano,  |e editor. 
710 2 |a Computer Applications and Quantitative Methods in Archaeology (Organization) 
776 0 8 |i Print version :  |z 9781784913373 
830 0 |a Archaeopress archaeology. 
856 4 0 |3 Archaeopress  |u http://library.arce.org:8087/Archaeopress/Products/9781784913373 
942 |2 lcc  |c EBOOK 
952 |0 0  |1 0  |4 0  |6 CC00804  |7 1  |9 46152  |a ARCH  |b ARCH  |d 2023-04-12  |l 0  |o CC80.4  |r 2023-04-12 00:00:00  |w 2023-04-12  |y EBOOK 
999 |c 51810  |d 51810